The comprehensive treatment of the aging spine : (Record no. 130897)
[ view plain ]
| 000 -LEADER | |
|---|---|
| fixed length control field | 01025cam a2200325 a 4500 |
| 008 - FIXED-LENGTH DATA ELEMENTS--GENERAL INFORMATION | |
| fixed length control field | |
| 020 ## - INTERNATIONAL STANDARD BOOK NUMBER | |
| International Standard Book Number | 9781437703733 (hbk.) |
| 049 ## - LOCAL HOLDINGS (OCLC) | |
| Holding library | MAIN |
| 050 00 - LIBRARY OF CONGRESS CALL NUMBER | |
| Classification number | RD768 |
| Item number | YUE |
| 003 - CONTROL NUMBER IDENTIFIER | |
| control field | |
| 005 - DATE AND TIME OF LATEST TRANSACTION | |
| control field | 20230123122258.0 |
| 040 ## - CATALOGING SOURCE | |
| Transcribing agency | NUST |
| 245 04 - TITLE STATEMENT | |
| Title | The comprehensive treatment of the aging spine : |
| Remainder of title | minimally invasive and advanced techniques / |
| Statement of responsibility, etc. | James Joseph Yu, ...(et. al) |
| 260 ## - PUBLICATION, DISTRIBUTION, ETC. | |
| Place of publication, distribution, etc. | Philadelphia, PA : |
| Name of publisher, distributor, etc. | Elsevier, |
| Date of publication, distribution, etc. | c2011. |
| 300 ## - PHYSICAL DESCRIPTION | |
| Extent | xiii, 475 p. : |
| Other physical details | ill. (some col.) ; |
| Dimensions | 29 cm. |
| 500 ## - GENERAL NOTE | |
| General note | includes index. |
| 504 ## - BIBLIOGRAPHY, ETC. NOTE | |
| Bibliography, etc. note | Includes bibliographical references |
| 650 #0 - SUBJECT ADDED ENTRY--TOPICAL TERM | |
| Topical term or geographic name entry element | Spine |
| General subdivision | Diseases |
| -- | Treatment |
| 650 12 - SUBJECT ADDED ENTRY--TOPICAL TERM | |
| Topical term or geographic name entry element | Spinal Diseases |
| General subdivision | diagnosis |
| 650 12 - SUBJECT ADDED ENTRY--TOPICAL TERM | |
| Topical term or geographic name entry element | Spinal Diseases |
| General subdivision | therapy |
| 650 22 - SUBJECT ADDED ENTRY--TOPICAL TERM | |
| Topical term or geographic name entry element | Aged |
| 650 22 - SUBJECT ADDED ENTRY--TOPICAL TERM | |
| Topical term or geographic name entry element | Aging |
| General subdivision | physiology |
| 650 22 - SUBJECT ADDED ENTRY--TOPICAL TERM | |
| Topical term or geographic name entry element | Physical Therapy Modalities |
| 650 22 - SUBJECT ADDED ENTRY--TOPICAL TERM | |
| Topical term or geographic name entry element | Spine |
| General subdivision | surgery |
| 700 ## - ADDED ENTRY--PERSONAL NAME | |
| Personal name | Johnson, Patrick J. |
| 700 ## - ADDED ENTRY--PERSONAL NAME | |
| Personal name | Guyer, Richard D. |
| 700 1# - ADDED ENTRY--PERSONAL NAME | |
| Personal name | Yue, James J |
| 907 ## - LOCAL DATA ELEMENT G, LDG (RLIN) | |
| a | .b10383311 |
| b | 22-09-17 |
| c | 21-09-17 |
| 942 ## - ADDED ENTRY ELEMENTS (KOHA) | |
| Koha item type | Ordinary Loan Books |
| Date last seen | Total Checkouts | Full call number | Barcode | Cost, replacement price | Price effective from | Koha item type | Lost status | Source of classification or shelving scheme | Damaged status | Not for loan | Collection | Withdrawn status | Home library | Current library | Shelving location | Date acquired | Cost, normal purchase price |
|---|---|---|---|---|---|---|---|---|---|---|---|---|---|---|---|---|---|
| 01/23/2023 | RD768 YUE | 92004043195 | 80.00 | 01/23/2023 | BOOKS | LCC | NFIC | MAIN | MAIN | GEN | 01/23/2023 | 80.00 |